000 00644nam a22002297a 4500
003 UA-OsUOA
001 41936
007 ta
008 20061018b un ||||| |||| 00| 0 ukr d
100 _aЧерный И. Н.
090 _a821.161.1
_bЧ-49
942 _cBK
040 _aUA-OsUOA
_brus
_cUA-OsUOA
_dUA-OsUOA
245 _aДанные достоверны
300 _a320 с.
955 _a3
041 _arus
080 _a821.161.1
260 _aМ.
_bВоенное издательство Минобороны СССР
_c1968
650 7 _a82 Література. Літературознавство
_2UDC
999 _c328071
_d328071